Том 1; Часть 2; Соединения трубопроводов

Detalles Bibliográficos
Parent link:Соединения трубопроводов: справочник/ Л. П. Колесникова [и др.]. Том 1; Часть 2.— , 1988
Outros autores: Колесникова Л. П. (составитель), Решников Ю. А., Ушеренко М. А.
Idioma:ruso
Publicado: 1988
Subjects:
Formato: Libro
KOHA link:https://koha.lib.tpu.ru/cgi-bin/koha/opac-detail.pl?biblionumber=250762

MARC

LEADER 00000nam2a2200000 4500
001 250762
005 20231101232608.0
035 |a (RuTPU)RU\TPU\book\272987 
035 |a RU\TPU\book\272987 
035 |a RU\TPU\book\272989 
090 |a 250762 
100 |a 20140217d1988 km y0rusy50 ca 
101 0 |a rus 
102 |a RU 
105 |a a g 000zy 
200 0 |a Том 1; Часть 2  |f сост. Л. П. Колесникова [и др.] 
210 |d 1988 
215 |a 151 с.  |c 391 ил. 
461 1 |0 (RuTPU)RU\TPU\book\270840  |t Соединения трубопроводов  |o справочник  |o в 2 т.  |f Л. П. Колесникова [и др.]  |v Том 1; Часть 2  |d 1988 
606 1 |a Трубопроводы  |x Соединения  |2 stltpush  |3 (RuTPU)RU\TPU\subj\61768  |9 78931 
610 1 |a расчет на прочность 
610 1 |a муфтовые соединения 
610 1 |a фитинги 
610 1 |a неметаллические трубопроводы 
610 1 |a гибкие трубопроводы 
610 1 |a пластмассовые трубопроводы 
610 1 |a стеклянные трубопроводы 
675 |a 621.643.4(03)  |v 3 
702 1 |a Колесникова  |b Л. П.  |4 220 
702 1 |a Решников  |b Ю. А.  |4 220 
702 1 |a Ушеренко  |b М. А.  |4 220 
801 1 |a RU  |b 63413507  |c 20140217 
801 2 |a RU  |b 63413507  |c 20140219  |g RCR 
942 |c BK